Kiosztották a Pegazus Alkotópályázat díjait idén erősebb volt a próza, mint a vers, s ez a világosabb alkotói elképzelésekben és magabiztosabb nyelvkezelésben mutatkozott meg

Bibliographic Details
Main Author: Nagy, Erika, 1961- (Author)
Format: Article
Language:Hungarian
PhysicalDescription:Fotogr.
ISSN:1335-7050
Subjects:

MARC

LEADER 00000nab a2200000 ar4500
001 vtls010289660
003 SK-MaSNL
005 20260319071305.0
008 110630c20110606xo |||||||| 000 b|hun
015 |a SNBRB2011/06  |2 snkbucl 
038 |a SNKBUCL 
040 |a DSZK  |b slo  |c DSZK  |e AACR2 
041 0 |a hun 
044 |a xo  |c SK 
080 |a 82:061.7:06.063:821.511.141 (437.6)  |2 2001 
080 |a 821.511.141 (437.6):061.7  |2 2001 
080 |a 82:061.2  |x (=511.141)  |x (437.6)  |2 2001 
080 |a 821.511.141 (437.6):061.2  |2 2001 
100 1 |a Nagy, Erika,  |d 1961-  |4 aut  |9 274133 
245 1 0 |a Kiosztották a Pegazus Alkotópályázat díjait  |b idén erősebb volt a próza, mint a vers, s ez a világosabb alkotói elképzelésekben és magabiztosabb nyelvkezelésben mutatkozott meg  |c Nagy Erika 
300 |b Fotogr. 
610 2 7 |a Spoločnosť maďarských spisovateľov na Slovensku  |2 snkbucl  |9 189587 
611 2 7 |a Literárna súťaž Pegas  |d (2011)  |2 snkbucl  |9 1098950 
648 7 |a 2011  |2 snkbucl  |9 328311 
650 0 7 |a maďarská literatúra  |2 SNKPH  |9 1193 
650 0 7 |a literárne súťaže  |2 SNKPH  |9 4275 
773 0 |t Új szó  |g Évf. 64, sz. 130 (6.6.2011), o. 6  |x 1335-7050 
852 |a SNK  |b KIS3GCP 
852 |a DSZK  |b KIS3GCP 
958 |a HU 
958 |a SK 
958 |a LX 
999 |c 1806208  |d 1808138